Literatura y literatos guatemaltecos /

Spremljeno u:
Bibliografski detalji
Glavni autor: Cerezo Dardón, Hugo
Format: Nepoznato
Jezik:Spanish
Izdano: Guatemala : Librería Artemis y Edinter, 1995.
Teme:
Oznake: Dodaj oznaku
Bez oznaka, Budi prvi tko označuje ovaj zapis!

MARC

LEADER 000000000a22000000004500
001 001721
008 200217b xxu||||| |||| 00| 0 spa d
020 |a 8489452598 
041 0 |a spa 
082 0 4 |a G860.4   |b C414L 
100 1 |a Cerezo Dardón, Hugo 
245 1 0 |a Literatura y literatos guatemaltecos /   |c Hugo Cerezo Dardón. 
260 1 |a Guatemala :   |b Librería Artemis y Edinter,   |c 1995. 
300 |a 241 páginas 
650 4 |a LITERATURA GUATEMALTECA  |9 46 
650 4 |a ENSAYOS 
942 |c BK  |2 ddc 
999 |c 8405  |d 8405